000 00943cab a2200253 4500
001 X3457
008 090401t1996 xxu||||| |||| 00| 0 eng d
035 _a(Sirsi) u30647
041 _aeng
245 _aStockport MBC and Dignan Properties
260 _c1996
350 _a0
490 _aPlanning Appeal Decisions
_v(1996) 11 PAD 287-291(5)
520 _aExisting industrial estate - layout imposes traffic circulation difficulties on approaches to estate - effect of existing use on neighbouring dwellings - Council erred in refusing permission for intended development - appeal allowed - award of costs against Council.
650 _aHIGHWAY ACCESS
650 _aINDUSTRIAL ESTATE
650 _aNEIGHBOURING PROPERTIES
650 _aPLANNING PERMISSION
650 _aSTOCKPORT MBC AND DIGNAN PROPERTIES
650 _aTRAFFIC CONGESTION
690 _aPLANNING LAW AND PRACTICE-CASE LAW
942 _n0
948 _c04/03/1997
999 _c20658
_d20658